Państwa Oceanii według dwóch ostatnich liter - Statystyki

Ogólne statystyki
  • Ten quiz został rozwiązany 429 razy
  • Średni wynik to 8 z 14
Odpowiedzi na mapie
Odpowiedzi zakodowano w zielono-czerwonej skali na mapie do tego quizu, zgodnie z poniższymi procentami.
 
Statystyki odpowiedzi
Kraj % Poprawnych
Australia
94%
Nowa Zelandia
94%
Papua-Nowa Gwinea
72%
Mikronezja
67%
Palau
67%
Wyspy Salomona
62%
Kiribati
57%
Wyspy Marshalla
57%
Fidżi
53%
Nauru
52%
Vanuatu
45%
Tuvalu
43%
Samoa
40%
Tonga
40%
Nie znaleziono quizów pasujących do podanych kryteriów
Rozkład punktacji
Procent ludzi z każdym wynikiem
Percentyl według liczby udzielonych odpowiedzi
Twoja historia wyników
Nie rozwiązałeś tego quizu